Marks i Böhm-Bawerk - dwie koncepcje modelowania makroekonomicznego.

Makroekonomická koncepcia rakúskej školy. Opis výrobného procesu. Časový regres. Kritické hodnotenie. Porovnanie marxistického a rakúskeho modelu hospodárenia. Rozdiely v modeloch. Hodnota a priemerné obdobie výroby.

Salvato in:
Dettagli Bibliografici
Autore principale: Baltowski, M.
Natura: Capitolo di libro
Lingua:polacco
Soggetti:
Tags: Aggiungi Tag
Nessun Tag, puoi essere il primo ad aggiungerne!!

MARC

LEADER 00000naa a2200000 4500
001 r005257
005 20221125122719.7
041 0 |a pol 
044 |a PL 
245 1 0 |a Marks i Böhm-Bawerk - dwie koncepcje modelowania makroekonomicznego.  |c M. Baltowski 
520 |a Makroekonomická koncepcia rakúskej školy. Opis výrobného procesu. Časový regres. Kritické hodnotenie. Porovnanie marxistického a rakúskeho modelu hospodárenia. Rozdiely v modeloch. Hodnota a priemerné obdobie výroby. 
610 2 0 |a modely makroekonomické 
610 2 0 |a koncepcie 
610 2 0 |a Marx, K. 
610 2 0 |a Böhm-Bawerk, E. 
610 2 0 |a teórie ekonomické 
100 1 |a Baltowski, M.